What's in a Name? (US States) Quiz Stats

 Plays Quiz Updated Jan 11, 2019

Support Sporcle.
Go Orange.
Score 0/40 Timer 06:00
7 Plays Today
% Correct
new
82.6%
ark
82.2%
pen
81.1%
ill
80.2%
con
79%
was
75.7%
ore
74.3%
ten
73%
cut
72.1%
ton
71.8%
see
69.5%
ask
68.4%
ham
67.7%
ado
67.2%
gin
66.7%
sip
65.6%
sin
65%
car
65%
nor
63.7%
mar
59.6%
% Correct
and
58.5%
inn
57.6%
ash
57%
amp
50.3%
for
50.1%
set
49.5%
tan
49%
rid
46.7%
war
45.4%
are
44.6%
ego
44.1%
ode
43.3%
tic
42.3%
lab
41.9%
our
39.9%
out
38.8%
van
36.4%
law
34.1%
sac
31.9%
use
28.5%

You're not logged in!

Compare scores with friends on all Sporcle quizzes.
OR
Log In
Forgot?

From the Vault

Nickelodeon Show by Image

by Juvo415

The fun never ends, at least until Nick at Nite starts.
Remove Ads.
Support Sporcle.
Get the best of Sporcle when you Go Orange. This ad-free experience offers more features, more stats, and more fun while also helping to support Sporcle. Thank you for becoming a member.

Show Comments

Extras

Top Quizzes Today


Score Distribution

Your Account Isn't Verified!

In order to create a playlist on Sporcle, you need to verify the email address you used during registration. Go to your Sporcle Settings to finish the process.

Report this User

Report this user for behavior that violates our Community Guidelines.

Details: